'M' Movies by Poster Quiz Stats

 Plays Quiz Updated Dec 3, 2014

Challenge
Share
Tweet
Score 0/20 Timer 05:00
1 Play Today
% Correct
Men in Black
98.7%
Monsters Inc.
97.2%
Madagascar
96.7%
Mrs. Doubtfire
95.5%
The Mask
94.2%
Mulan
93.2%
The Matrix
93%
Mr. & Mrs. Smith
91.1%
Mean Girls
90.7%
Million Dollar Baby
77.2%
% Correct
Mission Impossible
76.3%
My Big Fat Greek Wedding
73.3%
The Mummy
72.3%
Mary Poppins
72%
Memento
59.6%
Misery
56.8%
My Fair Lady
54%
Man in the Iron Mask
45.7%
The Man with the Golden Gun
40.1%
The Magnificent Seven
39.4%

You're not logged in!

Compare scores with friends on all Sporcle quizzes.
OR
Log In

You Might Also Like...

Show Comments

Extras

Top Quizzes Today


Score Distribution

Your Account Isn't Verified!

In order to create a playlist on Sporcle, you need to verify the email address you used during registration. Go to your Sporcle Settings to finish the process.

Report this User

Report this user for behavior that violates our Community Guidelines.

Details: